Flags of the Crusader States - Statistics

General Stats
  • This quiz has been taken 358 times
    355 since last reset
  • The average score is 3 of 5
Answer Stats
Picture Answer % Correct
Kingdom of Jerusalem
98%
Principality of Antioch
71%
County of Tripoli
48%
County of Edessa
45%
Kingdom of Cyprus
45%
No matching quizzes found
Score Distribution
Percent of People with Each Score
Percentile by Number Answered
Your Score History
You have not taken this quiz since the last reset